| 000 | 00489nam a2200205Ia 4500 | ||
|---|---|---|---|
| 005 | 20240823030138.0 | ||
| 008 | 240823s9999||||xx |||||||||||||| ||und|| | ||
| 020 | _a978-81-312-0062-9 | ||
| 041 | _aENGLISH | ||
| 082 | _A621.38153 P8 | ||
| 100 | _aHoldsworth B | ||
| 245 | 0 | _aDigital Logic Design | |
| 250 | _a4th | ||
| 260 |
_c2008 _b"Newnes Technical Books,London" |
||
| 500 | _aYES | ||
| 650 |
_aDigital _bElectronics |
||
| 700 | _a Woods R C | ||
| 942 | _cBK | ||
| 999 |
_c188001 _d188001 |
||